000 00494nam a2200229Ia 4500
003 IT-RoPAU
008 120407s9999 xx 000 0 und d
040 _aIT-RoPAU
040 _cIT-RoPAU
041 _aita
100 _aPietro Scoppola
245 _aDal Neoguelfismo alla Democrazia cristiana
250 _aRoma
260 _aStudium
260 _c1957
300 _a182 p.
300 _c17 cm
490 _aUniversale Studium
490 _v51
942 _cBK
999 _c27488
_d27488